00820nam a22002657a 45000010005000000030006000050050017000110080041000280200018000690400029000870500014001160820010001301000033001402450089001732500027002622600035002893000045003245050007003695200070003765210019004465210018004656500020004836500018005037000033005215025FISKH20250725135042.0241101b cb ||||| |||| 00| 0 eng d a9780590336727 aFISKHbengcFISKHdFISKH aPZ7.N6715 2791.4 aNoble, Hakes Trinkad(1944-) aThe day Jimmy's boa ate the wash /cby Trinka Hakes Noble pictures by Steven Kellogg aFirst printing in 1999 aNew York :bScholastic,c1999. a28 pages :bcolor illustrations ;c23 cm aN  aJimmy's boa constrictor wreaks havoc on the class trip to a farm.8 a540 bLexile 8 aN bRaz-Plus  2FictionaSnakes 2FarmaAnimals aKellogg, StevendIllustrator